000 00628nam a2200181 i 4500
001 70254
003 ES-MaACL
005 20230906170751.0
007 t|
008 040721s1963 sp ||||1| spa d
100 1 _aGarcía Rámila, Ismael.
_955150
245 1 0 _aJirones gloriosos de Castilla
_b: Miranda de Ebro y sus tierras /
_cIsmael García Rámila.
260 _a[Burgos :
_bs.n.,
_c1963] (
_fImp. Diputación provincial)
300 _a188 p., 21 lám. ;
_c20 cm.
500 _aPrecede al tít.: Institución Fernán González.
710 2 _aInstitución Fernán González.
_94720
852 _aES-MaACL
_jC-25433
_bR.53929
999 _c70254
_d70254